Statistics for Biogeography: Animals and their Countries

Click here to take the quiz!

General Stats

  • This quiz has been taken 26 times
  • The average score is 11 of 15

Answer Stats

QuestionAnswer% Correct
Duck-Billed PlatypusAustralia
100%
Ring Tailed LemurMadagascar
100%
CougarUnited States
100%
LionBotswana
96%
Giant TortoiseEcuador
96%
AxolotlMexico
92%
King CobraIndia
88%
Electric EelBrazil
72%
Three-Toed SlothPanama
72%
Ghost Bear, Spirit Bear, Kermode BearCanada
68%
AardvarkDemocratic Republic of Congo
64%
Red-Eyed Tree FrogBelize
44%
Freshwater CrocodileAustralia
40%
Honey BadgerPakistan
28%
Vampire BatArgentina
24%

Score Distribution

Percentile by Number Answered

Percent of People with Each Score

Your Score History

You have not taken this quiz